Music Quiz

Random Music or Billboard Quiz
Score 0/70 Timer 06:00
1 Play Today
Peak* Artists % Correct
3Lady Gaga ft. Beyoncé
98.5%
2Artists for Haiti
98.4%
1Katy Perry ft. Snoop Dogg
98.2%
1Katy Perry
98.2%
1Katy Perry
98.2%
1Ke$ha
98%
2Lady Gaga
98%
7Ke$ha ft. 3OH!3
98%
4Ke$ha
98%
93OH!3 ft. Ke$ha
98%
5Lady Gaga
98%
8Ke$ha
98%
1Ke$ha
98%
1Eminem ft. Rihanna
97.6%
1Rihanna ft. Drake
97%
8Rihanna ft. Jeezy
96.7%
1Rihanna
96.7%
1Rihanna
96.7%
1B.o.B. ft. Bruno Mars
94.7%
9The Black Eyed Peas
94.4%
9The Black Eyed Peas
94.4%
1The Black Eyed Peas
94.4%
9The Black Eyed Peas
94.4%
4The Black Eyed Peas
94.4%
4Travie McCoy ft. Bruno Mars
94.2%
1Bruno Mars
94.2%
3Bruno Mars
94.2%
2Jay-Z & Alicia Keys
91.4%
8Miley Cyrus
87.7%
8Miley Cyrus
87.7%
4Usher ft. Pitbull
82.5%
3Train
82.3%
1Usher ft. will.i.am
81.9%
4Owl City
81.7%
5Justin Bieber ft. Ludacris
81.7%
Peak* Artists % Correct
1Eminem
81.6%
2B.o.B ft. Hayley Williams
80.6%
1P!nk
80.4%
10B.o.B ft. Rivers Cuomo
77.7%
1Taio Cruz & Ludacris
76.5%
6Jason Derulo
76.4%
5Jason Derulo
76.4%
9Jason Derulo
76.4%
10Jay-Z ft. Mr. Hudson
75.1%
2Taylor Swift
74%
3Taylor Swift
74%
8Taylor Swift
74%
6Taylor Swift
74%
9CeeLo Green
73.1%
2Taio Cruz
72.8%
9Flo Rida ft. David Guetta
71.4%
2Young Money ft. Lloyd
70.3%
5David Guetta ft. Akon
67.5%
7Jay Sean ft. Lil Wayne
64.2%
6Lil Wayne & Drake
61.5%
10Britney Spears
61.3%
2Lady Antebellum
57.8%
6Mike Posner
52.7%
10Jay Sean ft. Sean Paul & Lil Jon
51.8%
3Nelly
51.7%
5Drake
51.6%
4Enrique Iglesias ft. Pitbull
51%
2Iyaz
50.8%
1Far East Movement ft. The Cataracs & Dev
45.6%
6Ludacris
39.6%
10Adam Lambert
39.4%
8La Roux
37.1%
6Trey Songz ft. Nicki Minaj
36.6%
8Glee Cast
35.9%
9Trey Songz ft. Fabolous
26.9%
Remove Ads.
Support Sporcle.
Get the best of Sporcle when you Go Orange. This ad-free experience offers more features, more stats, and more fun while also helping to support Sporcle. Thank you for becoming a member.

You're not logged in!

Compare scores with friends on all Sporcle quizzes.
OR
Log In

Show Comments

Extras

Top Quizzes Today


Score Distribution

Your Account Isn't Verified!

In order to create a playlist on Sporcle, you need to verify the email address you used during registration. Go to your Sporcle Settings to finish the process.

Report this User

Report this user for behavior that violates our Community Guidelines.

Details: